Three Word TV Titles (2000s) Quiz Stats

 Plays Quiz Updated Jun 28, 2015

Challenge
Share
Tweet
Score 0/25 Timer 04:00
1 Play Today
% Correct
America's
96.8%
Parks
96.4%
Jimmy
96.2%
Star
96%
NCIS:
95.7%
Sons
95%
The
94.6%
16
94.4%
Everybody
94%
Curb
93.6%
Six
93.5%
Friday
93.4%
Phineas
91.8%
% Correct
One
91.8%
The
90%
That's
89%
Without
88.4%
The
88.1%
Brothers
87.3%
Drop
84.8%
Queer
82.7%
Bored
78.8%
Justice
77.8%
The
77.4%
Better
75.7%

You're not logged in!

Compare scores with friends on all Sporcle quizzes.
OR
Log In

You Might Also Like...

Show Comments

Extras

Top Quizzes Today


Score Distribution

Your Account Isn't Verified!

In order to create a playlist on Sporcle, you need to verify the email address you used during registration. Go to your Sporcle Settings to finish the process.

Report this User

Report this user for behavior that violates our Community Guidelines.

Details: